[Event "BEL-ch U16"]
[Site "Blankenberge"]
[Date "2014.04.14"]
[Round "2"]
[White "Abramovich, Roman"]
[Black "Terwel, Diederick"]
[Result "0-1"]
[WhiteElo "1094"]
[BlackElo "1381"]
[PlyCount "90"]
[EventDate "2014.04.??"]
[EventType "swiss"]
[EventRounds "9"]
[EventCountry "BEL"]
[SourceTitle "EXT 2015"]
[Source "ChessBase"]
[SourceDate "2014.11.20"]
[SourceVersion "1"]
[SourceVersionDate "2014.11.20"]
[SourceQuality "1"]

1. e4 c5 2. Nf3 d6 3. Bc4 Nf6 4. Nc3 Bg4 5. h3 Bh5 6. g4 Bg6 7. Qe2 Nc6 8. d3 e6 9. e5 dxe5 10. Nxe5 Nd4 11. Qd1 Bd6 12. Nf3 Qa5 13. Bd2 Qb6 14. Nxd4 cxd4 15. Na4 Qc6 16. Rg1 Qxa4 17. Bb3 Qb5 18. h4 Qe5+ 19. Qe2 Qxe2+ 20. Kxe2 h6 21. g5 hxg5 22. hxg5 Nd7 23. Rg4 Bh5 24. Rag1 Bxg4+ 25. Rxg4 0-0-0 26. g6 Ne5 27. Rxd4 Nxg6 28. Bg5 f6 29. Bxe6+ Kb8 30. Be3 Be5 31. Ra4 a6 32. Rg4 Rde8 33. Bf7 Nf4+ 34. Bxf4 Bxf4+ 35. Kf3 Re7 36. Bd5 g5 37. Be4 Rc8 38. c4 Rc5 39. Rg1 b5 40. b3 bxc4 41. dxc4 a5 42. Rh1 a4 43. Rh8+ Kc7 44. Rh6 Be5 45. Rh8 f5 0-1